Statistics for 中国所有由本省区直辖的县级行政区Provincially Administered Counties in China

Click here to take the quiz!

General Stats

  • This quiz has been taken 219 times
  • The average score is 25 of 44

Answer Stats

行政区划代码县级行政区% Correct
429004仙桃市
88%
429006天门市
86%
429005潜江市
85%
419001济源市
84%
429021神农架林区
73%
469007东方市
72%
469001五指山市
72%
469005文昌市
71%
659001石河子市
68%
469006万宁市
64%
469027乐东黎族自治县
63%
469002琼海市
62%
659006铁门关市
62%
659005北屯市
62%
469030琼中黎族苗族自治县
61%
469028陵水黎族自治县
61%
659010胡杨河市
59%
659004五家渠市
59%
659003图木舒克市
58%
469025白沙黎族自治县
58%
469029保亭黎族苗族自治县
57%
469023澄迈县
57%
659002阿拉尔市
56%
659009昆玉市
56%
469024临高县
55%
469026昌江黎族自治县
55%
659008可克达拉市
54%
659007双河市
52%
469022屯昌县
49%
659011新星市
49%
469021定安县
47%
暂无花莲县
45%
暂无台东县
44%
暂无新竹市
43%
暂无新竹县
43%
暂无屏东县
43%
暂无南投县
43%
暂无基隆市
42%
659012白杨市
42%
暂无苗栗县
37%
暂无彰化县
37%
暂无云林县
37%
暂无澎湖县
37%
暂无宜兰县
37%

Score Distribution

Percentile by Number Answered

Percent of People with Each Score

Your Score History

You have not taken this quiz